000 00871nam a2200241 4500
001 175595
003 ES-MaACL
005 20250813063337.0
008 101110s2005 sp af |||| |dglg
080 _a75 Ares, Berta (083.824)
100 1 _aAres, Berta,
_d1955-
_9143886
245 1 0 _aSilencio-Luz
_b: [exposición] /
_cBerta Ares ; [texto, Mercedes Rozas].
260 _a[Santiago de Compostela] :
_bFundación Gonzalo Torrente Ballester,
_c[2005]
300 _a35 p. :
_bprincipalmente il. col. ;
_c23 cm.
546 _aTexto en gallego y castellano.
600 1 7 _aAres, Berta,
_d1955-
_vExposiciones
_2
_9143887
655 7 _2tgfbne
_9193628
_aCatálogos de exposiciones
700 1 _aRozas, Mercedes.
_9143884
710 2 _aFundación Gonzalo Torrente Ballester.
_9143885
852 _aES-MaACL
_j2285-F-5
942 _2udc
999 _c175595
_d175595